Wspólczesne problemy rynku i marketingu

Salvato in:
Dettagli Bibliografici
Natura: Libro
Lingua:polacco
Pubblicazione: Lódz Wydawnictwo Uniwersytetu Lódzkiego 1990
Edizione:1. wyd.
Serie:Folia Oeconomica 104
Soggetti:
Tags: Aggiungi Tag
Nessun Tag, puoi essere il primo ad aggiungerne!!

MARC

LEADER 00000nam a2200000 4500
001 c014145
005 20221206122820.3
041 0 |a pol 
044 |a PL 
245 1 0 |a Wspólczesne problemy rynku i marketingu 
250 |a 1. wyd. 
264 1 |a Lódz  |b Wydawnictwo Uniwersytetu Lódzkiego  |c 1990 
300 |a 238 s. 
490 1 |a Folia Oeconomica  |v 104 
830 0 |a Folia Oeconomica  |v 104 
610 2 0 |a trh 
610 2 0 |a marketing 
610 2 0 |a stratégia marketingová 
610 2 0 |a hospodárstvo trhové 
610 2 0 |a podnik malý 
610 2 0 |a podnik stredný 
610 2 0 |a kríza 
610 2 0 |a elektronika 
610 2 0 |a výskum ekonomický 
610 2 0 |a spotreba 
610 2 0 |a hospodárstvo domáce